| 000 | 00477nac a22001451u 4500 | ||
|---|---|---|---|
| 008 | 080820t xxu||||| |||| 00| 0 ara d | ||
| 082 |
_a273.2 _bر ي ن _222 |
||
| 245 |
_aتاريخ المسيح / _cارنست رينان. |
||
| 300 |
_aمتعدد الترقيم ؛ _bايض ؛ _c20 سم. |
||
| 504 | _aيشتمل على ارجاعات ببليوجرافية. | ||
| 600 |
_aالمسيح _931619 |
||
| 650 |
_aالرسل _931620 |
||
| 653 | _bAra | ||
| 942 |
_cBB _k273.2 ر ى ن _2ddc |
||
| 999 |
_c7275 _d7275 |
||